| 000 | 01767nam a2200241Ia 4500 | ||
|---|---|---|---|
| 999 |
_c52148 _d52148 |
||
| 001 | 19155 | ||
| 003 | GE_BSU | ||
| 005 | 20210501014002.0 | ||
| 008 | 181216s2013||||ge |||||||||||||| ||geo|| | ||
| 040 | _cGE_BSU | ||
| 041 | _ageo | ||
| 080 | _a81 ჩ-82 | ||
| 100 |
_aჩოხარაძე, ვარდო _911616 |
||
| 245 |
_aთურქიზმები ქართული ენის სამხრულ დიალექტებში / _cვარდო ჩოხარაძე; სამეცნიერო ხელმძღვანელი მამია ფაღავა; ბათუმის შოთა რუსთაველის სახელმწიფო უნივერსიტეტი. განათლებისა და მეცნიერებათა ფაკულტეტი ქართული ფილოლოგიის დეპარტამენტი. |
||
| 264 |
_aბათუმი, _c2008. |
||
| 300 |
_a132 გვ. ; _b30 სმ. |
||
| 653 | _aდისერტაცია | ||
| 653 | _aენათმეცნიერება | ||
| 653 | _aთურქიზმები ქართული ენის სამხრულ დიალექტებში. | ||
| 700 |
_aფაღავა, მამია _eსამეცნიერო ხელმძღვანელი _911716 |
||
| 710 |
_aბათუმის შოთა რუსთაველის სახელმწიფო უნივერსიტეტი _b განათლებისა და მეცნიერებათა ფაკულტეტი ქართული ფილოლოგიის დეპარტამენტი. _911717 |
||
| 942 |
_cBK _2udc |
||